<?xml version="1.0" encoding="UTF-8"?>
<record
    xmlns:xsi="http://www.w3.org/2001/XMLSchema-instance"
    xsi:schemaLocation="http://www.loc.gov/MARC21/slim http://www.loc.gov/standards/marcxml/schema/MARC21slim.xsd"
    xmlns="http://www.loc.gov/MARC21/slim">

  <leader>01675nam a2200205 a 4500</leader>
  <controlfield tag="008">161215t2011    spa |||g  ||| 001 p spa d</controlfield>
  <datafield tag="020" ind1=" " ind2=" ">
    <subfield code="a">9789873302824</subfield>
  </datafield>
  <datafield tag="041" ind1=" " ind2=" ">
    <subfield code="a">spa</subfield>
  </datafield>
  <datafield tag="092" ind1=" " ind2=" ">
    <subfield code="c">808.8</subfield>
    <subfield code="l">10</subfield>
    <subfield code="s">CAR</subfield>
  </datafield>
  <datafield tag="100" ind1="1" ind2=" ">
    <subfield code="a">Carozzi, Norma Aida</subfield>
    <subfield code="9">3100</subfield>
  </datafield>
  <datafield tag="245" ind1=" " ind2=" ">
    <subfield code="a">Antiguo due&#xF1;o del silencio /</subfield>
    <subfield code="c">Norma Aida Carozzi</subfield>
  </datafield>
  <datafield tag="250" ind1=" " ind2=" ">
    <subfield code="a">1a ed.</subfield>
  </datafield>
  <datafield tag="260" ind1=" " ind2=" ">
    <subfield code="a">Neuqu&#xE9;n [ARG.]:</subfield>
    <subfield code="b">S/E;</subfield>
    <subfield code="c">2011.</subfield>
  </datafield>
  <datafield tag="300" ind1=" " ind2=" ">
    <subfield code="a">134 p.</subfield>
    <subfield code="c">21x14.5 cm.</subfield>
  </datafield>
  <datafield tag="500" ind1=" " ind2=" ">
    <subfield code="a">Carozzi, N. A. (2011). Antiguo due&#xF1;o del silencio. (1a ed.). Neuqu&#xE9;n : La Comercial.</subfield>
  </datafield>
  <datafield tag="505" ind1=" " ind2=" ">
    <subfield code="a">Norma Carozzi naci&#xF3; en Olivos -norte del conurbano bonaerense- y a los dos a&#xF1;os su familia de mud&#xF3; a Glew, donde transcurri&#xF3; su infancia y adolescencia. Ten&#xED;a apenas nueve a&#xF1;os cuando comenz&#xF3; a escribir peque&#xF1;as obras para representar en la escuela primaria y a los doce su vocaci&#xF3;n se inclino por la poes&#xED;a, inspirada por el entonces buc&#xF3;lico paisaje del pueblo de su ni&#xF1;ez. De esa &#xE9;poca datan sus colaboraciones en diarios de la zona. M&#xE1;s tarde, instalada en la Capital Federal, estudi&#xF3; en la UBA la carrera de Letras y en 1984 lleg&#xF3; a Cipolletti, su "lugar en el mundo" como gusta decir, desde donde inici&#xF3; un largo per&#xED;odo de participaciones en distintas Antolog&#xED;as y varias premiaciones y pas&#xF3; a formar parte del Centro de Escritores "Ing. C&#xE9;sar Cipolletti", que cobija sus inquietudes literarias. En este su primer libro, nos invita a recorrer los senderos que transit&#xF3; su poes&#xED;a por esta Patagonia ancestral y porfiada, tras los pasos de aquel "Antiguo due&#xF1;o del silencio" que nos precedi&#xF3; en el tiempo.</subfield>
  </datafield>
  <datafield tag="590" ind1=" " ind2=" ">
    <subfield code="a">Donaci&#xF3;n Carozzi, Norma Aida. Proyecto 4to libro</subfield>
  </datafield>
  <datafield tag="655" ind1=" " ind2=" ">
    <subfield code="a">Poesia</subfield>
    <subfield code="9">2929</subfield>
  </datafield>
  <datafield tag="942" ind1=" " ind2=" ">
    <subfield code="2">ddc</subfield>
    <subfield code="c">LIT</subfield>
  </datafield>
  <datafield tag="999" ind1=" " ind2=" ">
    <subfield code="c">2287</subfield>
    <subfield code="d">2287</subfield>
  </datafield>
  <datafield tag="952" ind1=" " ind2=" ">
    <subfield code="0">0</subfield>
    <subfield code="1">0</subfield>
    <subfield code="2">ddc</subfield>
    <subfield code="4">0</subfield>
    <subfield code="7">0</subfield>
    <subfield code="8">FIC</subfield>
    <subfield code="a">BFM</subfield>
    <subfield code="b">BFM</subfield>
    <subfield code="c">CR</subfield>
    <subfield code="d">2017-02-20</subfield>
    <subfield code="e">Donaci&#xF3;n Carozzi, Norma Aida. 2016</subfield>
    <subfield code="l">0</subfield>
    <subfield code="o">808.8 10 CAR</subfield>
    <subfield code="p">3742</subfield>
    <subfield code="r">2017-02-20</subfield>
    <subfield code="t">Ej.1</subfield>
    <subfield code="w">2017-02-20</subfield>
    <subfield code="y">LIT</subfield>
    <subfield code="z">Proyecto 4to libro. Donaci&#xF3;n Carozzi Norma</subfield>
  </datafield>
</record>
